|
|
|
|
| LEADER |
01472cam a2200361 7i4500 |
| 001 |
0000027352 |
| 005 |
20120306090000.0 |
| 020 |
0 |
0 |
|a 9781414458427
|
| 090 |
0 |
0 |
|a AM. N 658.46025
|b CON
|
| 245 |
0 |
0 |
|a Consultants & consulting organizations directory.
|
| 250 |
0 |
0 |
|a 36th ed.
|
| 260 |
0 |
0 |
|a Detroit:
|b Gale Cengage Learning,
|c 2011.
|
| 300 |
# |
# |
|a 597 p.
|
| 500 |
0 |
0 |
|a Library has volume 1 : descriptive listings
|
| 500 |
0 |
0 |
|a Volume 2 : descriptive listings
|
| 500 |
0 |
0 |
|a Volume 3 : descriptive listings
|
| 500 |
0 |
0 |
|a Volume 4 : descriptive listings
|
| 500 |
0 |
0 |
|a Volume 5 : descriptive listings and indexes
|
| 500 |
0 |
0 |
|a Volume 6 : indexes
|
| 500 |
0 |
0 |
|a Volume 7 : indexes
|
| 650 |
0 |
0 |
|a Consultants --
|x Directories
|
| 650 |
0 |
0 |
|a Consulthing firm --
|x Directories
|
| 650 |
0 |
0 |
|a Business consultants --
|x Directories
|
| 650 |
0 |
0 |
|a Commerce --
|x Directories
|
| 651 |
0 |
0 |
|a Canada
|
| 651 |
0 |
0 |
|a United States of America (USA)
|
| 999 |
|
|
|a B000029987
|b Directories
|c International
|e Business Information Centre
|
| 999 |
|
|
|a B000029988
|b Directories
|c Regions
|e Business Information Centre
|
| 999 |
|
|
|a B000029989
|b Directories
|c Regions
|e Business Information Centre
|
| 999 |
|
|
|a B000029990
|b Directories
|c Regions
|e Business Information Centre
|
| 999 |
|
|
|a B000029991
|b Directories
|c Regions
|e Business Information Centre
|
| 999 |
|
|
|a B000029992
|b Directories
|c Regions
|e Business Information Centre
|
| 999 |
|
|
|a B000029993
|b Directories
|c Regions
|e Business Information Centre
|